1239 1037 1808 1753 1652 1563 1259 1212 1534 1901 1501 1496 1671 1371 1841 1430 1884 1752 1243 1288 1250 1091 1309 1752 1169 1744 1448 1349 1389 1599 1234 1310 1496 1809 1567 1635 1948 1327 1030 1099 1732 1871 1083 1299 1940 1703 1928 1292 1074 1162 1197 1459 1524 1402 1866 1755 1345 1778 1845 1903 1975 1960 1618 1325 1352 1333 1285 1696 1579 1363 1600 1041 1744 1375 1896 1374 1883 1772 1584 1192 1585 1486 1318 1679 1279 1340 1161 1826 1200 1494 1477 1966 1201 1860 1835 1722 1577 1290 1390 BCNSPRNW ULIB Ver.6.0+V

เปลี่ยนเป็นภาษาไทย

Change to English
 แสดงรายละเอียดบรรณานุกรม
  กลับหน้าหลัก

Brief Record : Get Marc (ISO 2709) : E-mail record : QR code < ปิดหน้าต่าง
LEADER : 00000nam 2200000uu 4500
001    13399121453
003     ULIB
008    110608s2546 th 000 p tha d
020    ^a9789749154410
050  4 ^aรส^bค145น 2546
100 0  ^aคมทวน คันธนู
245 10 ^aนาฏกรรมบนลานกว้าง /^cคมทวน คันธนู
250    ^aพิมพ์ครั้งที่ 9
260    ^aกรุงเทพฯ :^bมูลนิธิสถาบันวิชาการ 14 ตุลา,^c2546
300    ^a125 หน้า ;^c21 ซม.
490 0  ^aหนังสือชุด''ตุลาวรรณกรรม''
500    ^aฉลองครบรอบ 30 ปี 14 ตุลา : 2516-2546 ร่วมวาระประวัติศาสตร์''''วัน 14 ตุลา ประชาธิปไตย''''
650  4 ^aกวีนิพนธ์ไทย
710 2  ^aมูลนิธิสถาบันวิชาการ 14 ตุลา
945    ^p0^l0^i14364
995    ^aกัณชพร
999    ^aกัณชพร
รายการนี้ยังไม่มีแท็ก
คุณยังไม่ได้ล็อกอิน คุณสามารถมีกิจกรรมร่วมกับเว็บไซต์ได้ แต่ต้องล็อกอินก่อน ::
  ล็อกอิน

รายการสื่อสารสนเทศ

ลำดับที่ ประเภท เลขเรียก/บาร์โค้ด สถานที่ สถานะ
1. นวนิยาย
นวนิยาย
รส ค145น 2546  
  Barcode: 14364
ห้องสมุดวิทยาเขตสวรรค์ประชารักษ์
►นวนิยาย
บนชั้น
  ขอยืม

รายการใกล้เคียง
    ผู้แต่ง [คมทวน คันธนู]

    หัวเรื่อง [กวีนิพนธ์ไทย]

BibComment


ยังไม่เคยถูกคอมเมนท์

คอมเมนท์ทรัพยากรรายการนี้
  คอมเมนท์: นาฏกรรมบนลานกว้า..


 Copyright 2026. Bcnsprnw @Library